|
|
|
|
| LEADER |
00000nab a2200000 a 4500 |
| 001 |
vtls000926196 |
| 003 |
SK-MaSNL |
| 005 |
20260303033242.0 |
| 008 |
040720e19981212xo 0 slo |
| 035 |
|
|
|a KE35073
|
| 040 |
|
|
|a KEVKJB
|b slo
|c KEVKJB
|e AACR2
|
| 041 |
0 |
|
|a slo
|
| 044 |
|
|
|a xo
|c SK
|
| 100 |
0 |
|
|a (ver)
|c (iný)
|4 aut
|9 164677
|
| 245 |
1 |
0 |
|a Novým predsedom dozornej rady A.Rezeš
|b Na valnom zhromaždení VSŽ odstúpilo predsravenstvo i dozorná rada
|
| 610 |
2 |
7 |
|a Východoslovenské železiarne Holding (Košice, Slovensko)
|2 KEVKJB
|9 29927
|
| 650 |
0 |
7 |
|a akcionári
|2 KEVKJB
|9 17578
|
| 650 |
0 |
7 |
|a rady dozorné
|2 KEVKJB
|9 863363
|
| 650 |
0 |
7 |
|a zmeny vedenia
|2 KEVKJB
|9 1016747
|
| 650 |
0 |
7 |
|a informácie
|2 KEVKJB
|9 1285
|
| 651 |
|
7 |
|a Košice (Slovensko)
|2 KEVKJB
|9 18694
|
| 651 |
|
7 |
|a KE,
|2 KEVKJB
|9 877256
|
| 655 |
|
7 |
|a periodikum
|2 snkbucl
|9 29553
|
| 710 |
2 |
|
|a Východoslovenské železiarne Holding (Košice, Slovensko)
|4 aut
|9 29927
|
| 773 |
0 |
8 |
|t Nový čas
|g Roč. 8
|g Roč. 28, č.288, 12.12.1998, s. 2
|
| 852 |
|
|
|a ZVYKNI
|b KIS3GCP
|
| 999 |
|
|
|c 1669228
|d 1671158
|